| 000 | 00393nam a22001577a 4500 | ||
|---|---|---|---|
| 005 | 20180726151201.0 | ||
| 008 | 160623b xxu||||| |||| 00| 0 eng d | ||
| 041 | _aeng | ||
| 082 |
_b9089 _a658.31243 |
||
| 100 |
_aLynion, Rolf P & Pareek, Udai _94639 |
||
| 245 | _aTraining for organizational Transformaation | ||
| 260 | _bSage | ||
| 300 | _a407p, | ||
| 650 |
_aManagement _9241 |
||
| 942 | _cBK | ||
| 999 |
_c3657 _d3656 |
||